000
00283nam a22001217a 4500
008
160209b xxu||||| |||| 00| 0 eng d
020
_a
9780135130315
020
_a
013513031x
041
_a
eng
080
_a
343.98
245
_a
Criminology Today
_c
Frank Schmalleger
942
_2
udc
_c
BK
999
_c
1414
_d
1414